<?xml version="1.0" encoding="UTF-8"?>
<record
    xmlns:xsi="http://www.w3.org/2001/XMLSchema-instance"
    xsi:schemaLocation="http://www.loc.gov/MARC21/slim http://www.loc.gov/standards/marcxml/schema/MARC21slim.xsd"
    xmlns="http://www.loc.gov/MARC21/slim">

  <leader>01324nam a22002777a 4500</leader>
  <controlfield tag="005">20090828114825.0</controlfield>
  <controlfield tag="008">090828t        xxu||||| |||| 00| 0 hin d</controlfield>
  <datafield tag="010" ind1=" " ind2=" ">
    <subfield code="a">HIN-87896</subfield>
  </datafield>
  <datafield tag="020" ind1=" " ind2=" ">
    <subfield code="a">9788170588641</subfield>
    <subfield code="c">175.00</subfield>
  </datafield>
  <datafield tag="035" ind1=" " ind2=" ">
    <subfield code="a">HN-60242</subfield>
  </datafield>
  <datafield tag="037" ind1=" " ind2=" ">
    <subfield code="b">DBAD / PUB</subfield>
  </datafield>
  <datafield tag="040" ind1=" " ind2=" ">
    <subfield code="a">dpl</subfield>
    <subfield code="b">hn</subfield>
  </datafield>
  <datafield tag="082" ind1=" " ind2=" ">
    <subfield code="a">181.499</subfield>
  </datafield>
  <datafield tag="100" ind1=" " ind2=" ">
    <subfield code="a">&#x936;&#x94D;&#x930;&#x940;&#x92E;&#x93E;&#x924;&#x93E;&#x91C;&#x940;</subfield>
  </datafield>
  <datafield tag="245" ind1=" " ind2=" ">
    <subfield code="a">&#x92A;&#x94D;&#x930;&#x936;&#x94D;&#x928; &#x914;&#x930; &#x909;&#x924;&#x94D;&#x924;&#x930; 1929-1931 &#x935; &#x927;&#x92E;&#x94D;&#x92E;&#x92A;&#x926; &#x92A;&#x930; &#x91F;&#x940;&#x915;&#x93E;&#x90F;&#x902;  / </subfield>
    <subfield code="c">&#x936;&#x94D;&#x930;&#x940;&#x92E;&#x93E;&#x924;&#x93E;&#x91C;&#x940; </subfield>
  </datafield>
  <datafield tag="246" ind1=" " ind2=" ">
    <subfield code="b">by Shreemataji </subfield>
    <subfield code="a">Prashna aura uttara</subfield>
  </datafield>
  <datafield tag="260" ind1=" " ind2=" ">
    <subfield code="a">&#x92A;&#x941;&#x926;&#x941;&#x91A;&#x94D;&#x91A;&#x947;&#x930;&#x940;</subfield>
    <subfield code="b">&#x936;&#x94D;&#x930;&#x940;&#x905;&#x930;&#x935;&#x93F;&#x928;&#x94D;&#x926; &#x906;&#x936;&#x94D;&#x930;&#x92E;</subfield>
    <subfield code="c">2007</subfield>
  </datafield>
  <datafield tag="270" ind1=" " ind2=" ">
    <subfield code="a">&#x936;&#x94D;&#x930;&#x940;&#x905;&#x930;&#x935;&#x93F;&#x928;&#x94D;&#x926; &#x906;&#x936;&#x94D;&#x930;&#x92E; &#x935;&#x93F;&#x92D;&#x93E;&#x917; </subfield>
    <subfield code="b">&#x92A;&#x941;&#x926;&#x941;&#x91A;&#x94D;&#x91A;&#x947;&#x930;&#x940;</subfield>
    <subfield code="e">605002</subfield>
  </datafield>
  <datafield tag="300" ind1=" " ind2=" ">
    <subfield code="a">358&#x92A;&#x943;.</subfield>
    <subfield code="c">22&#x938;&#x947;&#x92E;&#x940; (&#x938;&#x91C;&#x93F;&#x932;&#x94D;&#x926;) </subfield>
  </datafield>
  <datafield tag="600" ind1=" " ind2=" ">
    <subfield code="a">&#x936;&#x94D;&#x930;&#x940;&#x92E;&#x93E;&#x924;&#x93E;&#x91C;&#x940; </subfield>
  </datafield>
  <datafield tag="600" ind1=" " ind2=" ">
    <subfield code="a">&#x936;&#x94D;&#x930;&#x940;&#x92E;&#x93E;&#x924;&#x93E;&#x91C;&#x940; </subfield>
  </datafield>
  <datafield tag="650" ind1=" " ind2=" ">
    <subfield code="a">&#x926;&#x930;&#x94D;&#x936;&#x928;, &#x92D;&#x93E;&#x930;&#x924;&#x940;&#x92F;</subfield>
  </datafield>
  <datafield tag="650" ind1=" " ind2=" ">
    <subfield code="a">Philosophy, Indic.</subfield>
  </datafield>
  <datafield tag="942" ind1=" " ind2=" ">
    <subfield code="2">ddc</subfield>
    <subfield code="c">HN</subfield>
    <subfield code="m">&#x936;&#x94D;&#x930;&#x940;&#x92E;&#x93E;&#x924;&#x93E;</subfield>
    <subfield code="h">181.499</subfield>
  </datafield>
  <datafield tag="999" ind1=" " ind2=" ">
    <subfield code="c">29729</subfield>
    <subfield code="d">29729</subfield>
  </datafield>
  <datafield tag="952" ind1=" " ind2=" ">
    <subfield code="0">0</subfield>
    <subfield code="1">0</subfield>
    <subfield code="2">ddc</subfield>
    <subfield code="4">0</subfield>
    <subfield code="7">1</subfield>
    <subfield code="a">DBAD</subfield>
    <subfield code="b">DBAD</subfield>
    <subfield code="d">2009-08-28</subfield>
    <subfield code="e">DBAD / PUB </subfield>
    <subfield code="g">175.00</subfield>
    <subfield code="l">0</subfield>
    <subfield code="o">181.499 &#x936;&#x94D;&#x930;&#x940;&#x92E;&#x93E;&#x924;&#x93E;</subfield>
    <subfield code="p">HN-60242</subfield>
    <subfield code="r">2009-08-28 00:00:00</subfield>
    <subfield code="t">1</subfield>
    <subfield code="v">175.00</subfield>
    <subfield code="w">2009-08-28</subfield>
    <subfield code="y">HN</subfield>
  </datafield>
</record>
